Calculus

Contents: Linear analysis; nonlinear analysis; special topics, set functions and elementary probability; calculus of probabilities, introduction to numerical analysis.

שמור ב:
מידע ביבליוגרפי
מחבר ראשי: Apostol, Tom M.
פורמט: ספר
שפה:Undetermined
יצא לאור: New York John Wiley&Sons 1969
נושאים:
תגים: הוספת תג
אין תגיות, היה/י הראשונ/ה לתייג את הרשומה!
Thư viện lưu trữ: Trung tâm Học liệu Trường Đại học Cần Thơ
LEADER 00660nam a2200205Ia 4500
001 CTU_148638
008 210402s9999 xx 000 0 und d
082 |a 515 
082 |b A645/Vol.2 
100 |a Apostol, Tom M. 
245 0 |a Calculus 
245 0 |c Apostol, Tom M. 
260 |a New York 
260 |b John Wiley&Sons 
260 |c 1969 
520 |a Contents: Linear analysis; nonlinear analysis; special topics, set functions and elementary probability; calculus of probabilities, introduction to numerical analysis. 
650 |a Calculus 
650 |x Vi phân 
904 |i Tuyến 
980 |a Trung tâm Học liệu Trường Đại học Cần Thơ